000 00279nam a22001337a 4500
008 181025b xxu||||| |||| 00| 0 eng d
020 _a9781119229407
041 _aeng
080 _a004
100 _a28
101 _aSHK
245 _aJava Concepts
_cWiley
942 _2udc
_cBK
999 _c50895
_d50895